MARC

LEADER 00000nam0a2200000 4500
001 51200
005 20231101211308.0
035 |a (RuTPU)RU\TPU\book\53603 
090 |a 51200 
100 |a 20030428d1974 m y0rusy50 ca 
101 0 |a rus 
102 |a RU 
105 |a a j 001zy 
200 1 |a Основы теории электрических аппаратов  |e учебное пособие  |f А. М. Залесский 
210 |a Москва  |c Высшая школа  |d 1974 
215 |a 184 с.  |c ил. 
320 |a Библиогр.: с. 181-182. 
606 1 |a Электрические аппараты и приборы  |2 stltpush  |3 (RuTPU)RU\TPU\subj\26902  |9 50734 
610 1 |a электрические аппараты 
610 1 |a электрические приборы 
610 1 |a теория 
610 1 |a электродинамические силы 
610 1 |a электрическая дуга 
610 1 |a выключатели 
610 1 |a аппараты высокого напряжения 
610 1 |a изоляция 
610 1 |a учебные пособия 
675 |a 621.31(075.8)  |v 3 
700 1 |a Залесский  |b А. М.  |g Александр Михайлович 
801 1 |a RU  |b 63413507  |c 20030428  |g PSBO 
801 2 |a RU  |b 63413507  |c 20210319  |g PSBO 
900 |a Основы теории электрических аппаратов 
942 |c BK